00920cam a2200277 i 450000100090000000300040000900500170001300800410003001000170007102000180008804000280010604200080013405000220014208200200016410000370018424500860022126400620030730000460036933600210041533700250043633800230046150400670048465000250055165000380057665000280061418571506OSt20231206111311.0150410s2016 enka b 001 0 eng  a 2015012097 a9781472507907 aDLCbengcDLCerdadDLC apcc00aKZ7145b.B79 201600a341.6909bBRY/W1 aBryant, Michael,d1962-eauthor.12aA world history of war crimes :bfrom antiquity to the present /cMichael Bryant. 1aLondon, UK ;aNew York, NY :bBloomsbury Academic,c2016. aviii, 289 pages :billustrations ;c25 cm atext2rdacontent aunmediated2rdamedia avolume2rdacarrier aIncludes bibliographical references (pages 269-282) and index. 0aWar crimesxHistory. 0aCrimes against humanityxHistory. 0aWar (International law)